| 000 | 00901nam a2200229Ia 4500 | ||
|---|---|---|---|
| 001 | 18068 | ||
| 003 | GE_BSU | ||
| 008 | 181216s||||||||xx |||||||||||||| ||und|| | ||
| 040 | _cGE_BSU | ||
| 080 | _a811.353.1 + 811.361 | ||
| 100 | _aძიძიგური, შოთა | ||
| 245 | _aბასკები და ქართველები | ||
| 245 | _cრედ. ე. მაისურაძე. მხატვ. ა. სამაშვილი | ||
| 250 | _aმე-2 გამოც | ||
| 260 | _aთბილისი | ||
| 260 | _bსაბჭ. საქართველო | ||
| 260 | _c1982 | ||
| 300 | _a210გვ. ; 20სმ. | ||
| 653 | _aბასკები და ქართველები | ||
| 653 | _aქართული ენა; ბასკური ენა; ქართულ-ბასკური ურთიერთობები | ||
| 942 | _cBK | ||
| 999 |
_c51111 _d51111 |
||